Přežijí veletrhy konfrontaci s elektronickou komunikací?
Keď sa objaví nové masové médium, ktoré umožňuje rýchle, operatívne, audiovizuálne zobrazovanie, verejnosť obvykle prijíma tézu, že toto nové médium bude tým dominantným v spoločenskom priestore. Fakty o súčasnej realite veľtrhov v ČR a v Európe. Autor sa domnieva, že veľtrhy budú s elektronickou ko...
Salvato in:
| Autore principale: | |
|---|---|
| Natura: | Capitolo di libro |
| Lingua: | ceco |
| Soggetti: | |
| Tags: |
Nessun Tag, puoi essere il primo ad aggiungerne!!
|
MARC
| LEADER | 00000naa a2200000 4500 | ||
|---|---|---|---|
| 001 | 0215623 | ||
| 005 | 20231115071145.1 | ||
| 041 | 0 | |a cze | |
| 044 | |a CZ | ||
| 245 | 1 | 0 | |a Přežijí veletrhy konfrontaci s elektronickou komunikací? |c Dušan Pavlů |
| 520 | |a Keď sa objaví nové masové médium, ktoré umožňuje rýchle, operatívne, audiovizuálne zobrazovanie, verejnosť obvykle prijíma tézu, že toto nové médium bude tým dominantným v spoločenskom priestore. Fakty o súčasnej realite veľtrhov v ČR a v Európe. Autor sa domnieva, že veľtrhy budú s elektronickou konkurenciou žiť v symbióze. Vo vzájomnom konkurenčnom súperení budú stále lepšie profilovať svoje špecifiká a svoje silné stránky. Spolu to môže byť veľmi harmonické súžitie. | ||
| 610 | 2 | 0 | |a reklama |
| 610 | 2 | 0 | |a komunikácia elektronická |
| 610 | 2 | 0 | |a komunikácia masová |
| 100 | 1 | |a Pavlů, Dušan | |